00534nam a2200145Ia 4500008004100000020001800041050002000059082002200079100003500101245011600136250001100252260003800263300001000301650007700311120905s9999 xx 000 0 und d a970-686-379-6 aHD62.7 R62 2005 a658.401 R63c 2005 aRodriguez Valencia, Joaquín aCómo aplicar la planeación estratégica a la pequeña y mediana empresa / Joaquín Rodríguez Valencia. a5a Ed. aMéxico : CENGAGE Learningc2005 a285p. a1. Planificación estratégica. 2. Pequeña y mediana empresa. Ì